| 000 | 01671nam a2200313 c 4500 | ||
|---|---|---|---|
| 003 | BLK | ||
| 005 | 20221011094116.0 | ||
| 008 | 180411b bul|||||r ||||||| ||bul|| | ||
| 010 | _aKNG00178392000 | ||
| 040 | _aBLK | ||
| 041 |
_aBUL _cBUL |
||
| 080 |
_aОвощарство в цялост _b634.1 _x _z634.1 |
||
| 700 | 1 |
_aИлиев, Иван _9364404 |
|
| 700 | 1 |
_aИлиев, Иван _9364404 |
|
| 139 |
_aМалка помология _bМ 23 |
||
| 245 | 1 | 0 |
_aМалка помология _bМоногр. : Т. 1 - _cавт. на том Иван Илиев; под ред. на Иван Илиев. _nТ. 2 _pКостилкови овощни видове |
| 257 | _aBGR | ||
| 260 |
_аПловдив _bХристо Г. Данов _c1984 - _fСофия : Балкан |
||
| 300 | _c21 см | ||
| 380 | _a63 | ||
| 650 | 4 |
_aОвощни култури - сортове _9322857 |
|
| 653 | _aовощни култури | ||
| 760 | 1 |
_d1985 _gТ. 2: Костилкови овощни видове / Иван Илиев и др. ; Под ред. на Иван Илиев. - 1985. - 344 с. : с ил. - Други авт : В. Василев, В. Георгиев, Й. Григоров, А. Петров, М. Йончева, П. Мондешка, Н. Николов ; Пълното име на първия авт. е Иван Илиев Иванов. - Библиогр. с. 335-338. _h344 с. : с ил. _tТ. 2 Костилкови овощни видове |
|
| 852 | _aЦб 129522 | ||
| 856 | 4 |
_qpdf _u |
|
| 856 | 4 |
_qpdf _u |
|
| 942 |
_cKNG _n0 |
||
| 944 |
_aCR _c17.07.2015 _kКина_Георгиева |
||
| 944 |
_aED _c17.07.2015 _kКина_Георгиева |
||
| 999 |
_c170261 _d170261 |
||